000 00613cam a2200193 4500
001 ABS62236
008 000000n2000 000 0 eng u
035 _a(Sirsi) u106069
245 _aGuarding against software piracy
260 _c2000
490 _aConstruction News
_v(6666) 18 May 2000. 38-39(2)
520 _aDiscusses how to guard against the use of pirected software in your company.
590 _aABS
650 _aSOFTWARE
650 _aCOPYRIGHT DESIGNS AND PATENTS ACT 1988
650 0 _aTRADE MARKS ACT 1994
690 _aMANAGEMENT-BUSINESS MANAGEMENT-INFORMATION MANAGEMENT
942 _n0
999 _c63537
_d63537